zpět

Detail výsledku týmu

Separé - Nové Město, Praha

Datum a čas kvízu

19.5 Celkem bodů Celkový počet nahraných bodů na tomto kvízu bez doplňovacích otázek.
5. Pořadí na kvízu Konečné umístění týmu na tomto kvízu.

Zaznamenané odpovědi

# Otázka Odpověď Body Výsledky
1. V sobotu oslavila v pražské zo... Mobi 0
2. Ruské úřady zadržely tři školá... C) sněhovými koulemi uhasili věčný oheň u památníku 1
3. Ve čtvrtek měl v českých kinec... Nosferatu 0
4. Ve čtvrtek byla v pražských Št... Lidl 1
5. Jak se jmenuje 34letá česká at... Nikola Ogrodníková 0
6. Z historie se zdá, že Američan... Dwight Eisenhower 0
7. Stanford Strickland je filmová... Návrat do budoucnosti 1
8. Napište jméno zobrazeného herc... Terry Crews 1
9. Lebkouni ze stejnojmenného fil... A 0
10. Přiřaďte tyto lysé filmové hrd... 1B 2D 3C 4A 1